A wedding-ring fit for the finger, or, The salve of divinity on the sore of humanity : laid open in a sermon at a wedding in St. Edmonds /

Bibliographic Details
Main Author: Secker, William, d. 1681?
Format: eBook
Language:English
Published: London : Printed by T.J. and sold by Ann Baldwin ..., 1700.
Series:Early English books online.
Subjects:
Online Access:Connect to the full text of this electronic book

MARC

Tag First Indicator Second Indicator Subfields
LEADER 00000nam a2200000Ia 4500
001 in00004186571
005 20200810073008.0
006 m g d
007 cr bn |||a|bb|
008 850702s1700 enk o 00| | eng d
035 |a (OCoLC)12226609 
040 |a EAA  |c EAA  |d m/c  |d WaOLN 
037 |a CL0037000017  |b ProQuest Information and Learning. 300 N. Zeeb Rd., Ann Arbor, MI 48106 
049 |a UMIA 
100 1 |a Secker, William,  |d d. 1681? 
245 1 2 |a A wedding-ring fit for the finger, or, The salve of divinity on the sore of humanity :  |b laid open in a sermon at a wedding in St. Edmonds /  |c by William Secker ... 
260 |a London :  |b Printed by T.J. and sold by Ann Baldwin ...,  |c 1700. 
300 |a 1 online resource (48 pages) 
336 |a text  |b txt  |2 rdacontent 
337 |a computer  |b c  |2 rdamedia 
338 |a online resource  |b cr  |2 rdacarrier 
500 |a Reproduction of original in the University of Illinois (Urbana-Champaign Campus). Library. 
510 4 |a Wing  |c S2254A 
533 |a Electronic reproduction.  |b Ann Arbor, Mich. :  |c UMI,  |d 1999-  |f (Early English books online)  |n Digital version of: (Early English books, 1641-1700 ; 616:5)  |7 s1999 miun s 
650 0 |a Marriage  |v Sermons. 
650 0 |a Sermons, English  |y 17th century. 
740 0 |a Salve of divinity on the sore of humanity. 
830 0 |a Early English books online. 
856 4 0 |u http://proxy.library.tamu.edu/login?url=https://search.proquest.com/docview/2240957513  |z Connect to the full text of this electronic book  |t 0 
999 f f |s 900839db-d5d4-320a-b6ac-bcb2dcabf9c3  |i 1fd6731e-34b8-3f38-8977-12d74a0a1052  |t 0 
952 f f |a Texas A&M University  |b College Station  |c Electronic Resources  |d Available Online  |t 0  |h No information provided 
998 f f |t 0  |l Available Online